MARC details
| 000 -CABECERA |
| campo de control de longitud fija |
02668nam a2200289 a 4500 |
| 001 - NÚMERO DE CONTROL |
| campo de control |
000035681 |
| 005 - FECHA Y HORA DE LA ÚLTIMA TRANSACCIÓN |
| campo de control |
20260415174539.0 |
| 008 - DATOS DE LONGITUD FIJA--INFORMACIÓN GENERAL |
| campo de control de longitud fija |
111108s2009 dr ac 001 0 spa d |
| 020 ## - NÚMERO INTERNACIONAL ESTÁNDAR DEL LIBRO |
| Número Internacional Estándar del Libro |
9789945131055 |
| 040 ## - FUENTE DE LA CATALOGACIÓN |
| Centro catalogador/agencia de origen |
DO-SdBNP |
| Lengua de catalogación |
spa |
| Centro/agencia transcriptor |
BNPHU |
| 082 ## - NÚMERO DE LA CLASIFICACIÓN DECIMAL DEWEY |
| Número de clasificación |
335.434 |
| Número de documento/Ítem |
F825o |
| 100 1# - ENTRADA PRINCIPAL--NOMBRE DE PERSONA |
| Nombre de persona |
Franco, Franklin J., |
| Fechas asociadas al nombre |
1936- |
| 9 (RLIN) |
34417 |
| 245 14 - MENCIÓN DE TÍTULO |
| Título |
Los orígenes del socialismo latinoamericano y dominicano : |
| Resto del título |
contribución a su estudio / |
| Mención de responsabilidad, etc. |
Franklin Franco Pichardo. |
| 260 ## - PUBLICACIÓN, DISTRIBUCIÓN, ETC. |
| Lugar de publicación, distribución, etc. |
Santo Domingo : |
| Nombre del editor, distribuidor, etc. |
Sociedad Editorial Dominicana, |
| Fecha de publicación, distribución, etc. |
2009. |
| 300 ## - DESCRIPCIÓN FÍSICA |
| Extensión |
197 p. : |
| Otras características físicas |
il., retrs. ; |
| Dimensiones |
23 cm. |
| 504 ## - NOTA DE BIBLIOGRAFÍA, ETC. |
| Nota de bibliografía, etc. |
Bibliografía : p. 197. |
| 505 0# - NOTA DE CONTENIDO CON FORMATO |
| Información miscelánea |
Presentación -- |
| Título |
Génesis -- |
| -- |
Origen del concepto socialismo -- |
| -- |
Socialismo democrático o socialdemocracia -- |
| -- |
La comuna de París -- |
| -- |
La emigración europea hacia América -- |
| -- |
La influencia de los inmigrantes -- |
| -- |
El socialismo latinoamericano I -- |
| -- |
El socialismo latinoamericano II -- |
| -- |
Anarquistas y socialistas -- |
| -- |
El argentino Ugarte y el peruano Prada -- |
| -- |
La influencia de la Revolución Rusa -- |
| -- |
Rodó en Santo Domingo -- |
| -- |
José Ingenieros -- |
| -- |
Mariátegui -- |
| -- |
El salvadoreño Farabundo Martí y su vida ejemplar -- |
| -- |
Rafael Barrett: teórico del socialismo anarquista latinoamericano -- |
| -- |
Los orígenes del socialismo en República Dominicana -- |
| -- |
Los refugiados españoles -- |
| -- |
El costo del intervencionismo imperialista en Cuba -- |
| -- |
Los comunistas dominicanos en 1946 -- |
| -- |
El tortuoso surgimiento del socialismo venezolano: una lección para la historia -- |
| -- |
La "apertura" de la dictadura de Trujillo -- |
| -- |
La segunda guerra mundial y sus repercusiones en el seno de los grupos obreros y femeninos -- |
| -- |
La segunda guerra mundial y sus repercusiones I -- |
| -- |
La segunda guerra mundial y sus repercusiones II -- |
| -- |
La guerra fría -- |
| -- |
La guerra fría II -- |
| -- |
Los soviets cubanos -- |
| -- |
La guerra fría en Cuba -- |
| -- |
De la guerra fría al 26 de julio -- |
| -- |
Los marxistas dominicanos y la revolución cubana -- |
| -- |
Los marxistas dominicanos y la revolución cubana II -- |
| -- |
Contradicciones entre Bosch y el "socialdemócrata" Peña Gómez -- |
| -- |
(De Watergate a Watergulf: La caída del régimen Balaguerista) -- |
| Información miscelánea |
Bibliografía. |
| 590 ## - NOTA LOCAL (RLIN) |
| Nota local |
Inventariado, 2018/BT |
| 650 #4 - PUNTO DE ACCESO ADICIONAL DE MATERIA--TÉRMINO DE MATERIA |
| Término de materia o nombre geográfico como elemento de entrada |
Partidos socialistas |
| Subdivisión geográfica |
América Latina |
| Subdivisión general |
Ensayos , conferencias, etc. |
| 9 (RLIN) |
61604 |
| 650 #0 - PUNTO DE ACCESO ADICIONAL DE MATERIA--TÉRMINO DE MATERIA |
| Término de materia o nombre geográfico como elemento de entrada |
|
| 9 (RLIN) |
12155 |
| 650 #4 - PUNTO DE ACCESO ADICIONAL DE MATERIA--TÉRMINO DE MATERIA |
| Término de materia o nombre geográfico como elemento de entrada |
Socialismo en américa latina |
| Subdivisión general |
Ensayos , conferencias, etc. |
| 9 (RLIN) |
53958 |
| 650 #4 - PUNTO DE ACCESO ADICIONAL DE MATERIA--TÉRMINO DE MATERIA |
| Término de materia o nombre geográfico como elemento de entrada |
Socialismo en república dominicana |
| 9 (RLIN) |
61605 |
| 650 #4 - PUNTO DE ACCESO ADICIONAL DE MATERIA--TÉRMINO DE MATERIA |
| Término de materia o nombre geográfico como elemento de entrada |
Socialismo y sociedad |
| Subdivisión general |
Ensayos , conferencias, etc. |
| 9 (RLIN) |
12388 |
| 650 #4 - PUNTO DE ACCESO ADICIONAL DE MATERIA--TÉRMINO DE MATERIA |
| Término de materia o nombre geográfico como elemento de entrada |
Diarios dominicanos |
| Subdivisión general |
Secciones, columnas, etc. |
| 9 (RLIN) |
44 |
| 730 0# - PUNTO DE ACCESO ADICIONAL--TÍTULO UNIFORME |
| Título uniforme |
Listín Diario (República Dominicana) |
| 9 (RLIN) |
1199 |
| 910 ## - DATOS DE OPCIÓN DEL USUARIO (OCLC) |
| Datos de opción del usuario |
Validado. Control de calidad. EMS |